| 000 | 01610nam a2200409 i 4500 | ||
|---|---|---|---|
| 999 |
_c44688 _d44688 |
||
| 001 | bimo0000053964 | ||
| 003 | CO-MdFUSB | ||
| 005 | 20180622165836.0 | ||
| 008 | 890920s1988 sp spa | ||
| 017 |
_aBI 987-1988 _bOficina Depósito Legal Vizcaya |
||
| 020 | _a8429308059 | ||
| 040 |
_aSpMaBN _bspa _cCO-MdFUSB _erda _dCO-MdFUSB |
||
| 041 | _aspa | ||
| 080 | 0 | _a28"19" | |
| 080 | 0 | _a008"19" | |
| 082 |
_223 _a261.1 _bR875 |
||
| 100 | 1 |
_aRovira Belloso, Josep Maria _d1926- _eautor |
|
| 240 | _aFe i cultura al nostre temps | ||
| 245 | 0 |
_aFe y cultura en nuestro tiempo _c/ Josep Mª Rovira i Belloso ; [traducción y adaptación del autor] |
|
| 264 | 1 |
_aSantander _bSal Terrae _c[1988] |
|
| 264 | 4 | _c©1988 | |
| 300 |
_a196 páginas _c: 21 cm _b: |
||
| 336 |
_2rdacontent _atexto _btxt |
||
| 337 |
_2rdamedia _asin mediación _bn |
||
| 338 |
_2rdacarrier _avolumen _bnc |
||
| 490 | _aPresencia teológica | ||
| 505 | _aTerminología: cultura y fe -- Transición: Las áreas culturales y los temas escogidos para el presente trabajo -- Hechos culturales significativos -- La autocomprensión de la Iglesia en el panorama cultural -- La iglesia ante el pluralismo cultural. La cuestión de la Ética - La inculturación | ||
| 534 |
_cFe i cultura al nostre temps _pTítulo original en catalán: |
||
| 563 | _aRústico | ||
| 650 | 7 |
_aCristianismo _xHistoria _ySiglo XX _2embne |
|
| 650 | 7 |
_aCivilización _ySiglo XX _2embne |
|
| 942 | _cBK | ||
| 956 | _a1 2 | ||